000
00405nam a2200145Ia 4500
008
100204s9999 xx 000 0 und d
082
_b
20238
100
_a
माडगूळकर ग. दि.
245
_a
वेग
260
_b
"पंडित अनंत कुलकर्णी , पुणे"
_c
1997
300
_a
150
630
_a
वेग
730
_a
वेग
942
_c
BOOK
999
_c
464660
_d
464657